000 00545nam a2200169 a 4500
008 080109s1981 ||||||||||||||||| || u
050 _aHD 31 Sis
100 _aSisk, Henry L
245 1 0 _aManagement and Organization
246 _amanual
250 _a4th. ed
260 _aCincinnati, Ill.,
_bSouth-Western
_c[1981]
300 _av, 154p.
350 _a0.00
650 0 _aMANAGEMENT
995 _D0.00
_FCBU-MAIN LIBRARY (Kitwe)
_H1
_I0.00
_M1
_UAVAILABLE
_ZMain Library Open Access Collection
999 _c49877
_d49877